LIBRARY & INFORMATION CENTRE, KCAET, TAVANUR

ONLINE PUBLIC ACCESS CATALOGUE (OPAC)

Alexander pope:the poetry of allusion / (Record no. 12847)

MARC details
000 -LEADER
fixed length control field 00401cam a2200145ua 4500
041 ## - LANGUAGE CODE
Language code of text/sound track or separate title eng
082 ## - DEWEY DECIMAL CLASSIFICATION NUMBER
Classification number 828.09
Item number BRO/AL
100 ## - MAIN ENTRY--AUTHOR NAME
Personal name Brower, Reuben Arthur .
245 ## - TITLE STATEMENT
Title Alexander pope:the poetry of allusion /
260 ## - PUBLICATION, DISTRIBUTION, ETC. (IMPRINT)
Place of publication London :
Name of publisher Oxford at the Clarendon Press ,
Year of publication 1963.
300 ## - PHYSICAL DESCRIPTION
Number of Pages 368 ; .
942 ## - ADDED ENTRY ELEMENTS (KOHA)
Koha item type Books
Holdings
Withdrawn status Lost status Damaged status Home library Current library Date acquired Cost, normal purchase price Full call number Accession Number Koha item type Public note
Withdrawn     KAUAET Sanskrit University 07/04/2012 38.00 828.09 6673 Books Transferred to Sanskrit University
free website counter